The Hindu Book of Editorials 2024 (Record no. 249371)

MARC details
000 -LEADER
fixed length control field 00455nam a22001577a 4500
008 - FIXED-LENGTH DATA ELEMENTS--GENERAL INFORMATION
fixed length control field 250613b |||||||| |||| 00| 0 eng d
020 ## - INTERNATIONAL STANDARD BOOK NUMBER
International Standard Book Number 9789393875921
100 ## - MAIN ENTRY--PERSONAL NAME
Personal name THG Publishing Pvt. Ltd.
245 ## - TITLE STATEMENT
Title The Hindu Book of Editorials 2024
Remainder of title A Curated Selection
Statement of responsibility, etc THG Publishing Pvt. Ltd.
250 ## - EDITION STATEMENT
Edition statement 1st
260 ## - PUBLICATION, DISTRIBUTION, ETC. (IMPRINT)
Place of publication, distribution, etc Chennai
Name of publisher, distributor, etc THG Publishing Pvt. Ltd.
Date of publication, distribution, etc 2024
650 ## - SUBJECT ADDED ENTRY--TOPICAL TERM
Form subdivision General
General subdivision General
942 ## - ADDED ENTRY ELEMENTS (KOHA)
Item type Books
Holdings
Withdrawn status Lost status Damaged status Permanent location Current location Shelving location Date acquired Source of acquisition Full call number Barcode Date last seen Koha item type
      CENTRAL LIBRARY, NOORUL ISLAM CENTRE FOR HIGHER EDUCATION CENTRAL LIBRARY, NOORUL ISLAM CENTRE FOR HIGHER EDUCATION General stacks 06/13/2025 The Hindu Publishing Pvt. Ltd 300.00 85100 06/13/2025 Books
Visitors:
Copyright © 2024 Central Library NICHE.  All rights reserved.